| 000 | 005030000a22001810004500 | ||
|---|---|---|---|
| 003 | MACL | ||
| 005 | 20160421142905.0 | ||
| 008 | 160421b xxu||||| |||| 00| 0 eng d | ||
| 040 |
_aMACL _cMACL |
||
| 041 | _aHindi | ||
| 082 | _a796 | ||
| 100 |
_aगंगेश गुंजन _953149 |
||
| 245 | _aखेलों के नियम | ||
| 260 |
_bडायनेमिक पब्लिकेशंस _c2005 _aमेरठ |
||
| 350 | _a50 | ||
| 650 |
_aGame _953150 |
||
| 942 |
_cHIN _k796 _2ddc |
||
| 999 |
_c19193 _d19193 |
||